000 00562nam a2200205Ia 4500
005 20260429112151.0
008 260429s9999||||xx |||||||||||||| ||und||
020 _a9781529900118
041 _aEnglish
082 _a615.8515
_bLEV
100 _aLevitin, Daniel
245 0 _aMusic as medicine :
_bhow we can harness its therapeutic power /
_cDaniel Levitin
250 _a1st ed.
260 _aUnited Kingdom :
_bCornerstone Press,
_c2024.
300 _aviii, 405 p.; pbk
650 _a Medicine
650 _a Therapy
650 _aMusic
942 _cTB
999 _c52690
_d52690